| 000 | 01069cam a22003737a 4500 | ||
|---|---|---|---|
| 003 | CHAP | ||
| 005 | 20220817043135.0 | ||
| 008 | 971013s1987 r 00010 d | ||
| 010 | _a66683 | ||
| 011 | _a67655 | ||
| 035 | _a77126 | ||
| 040 | _cCHAP | ||
| 082 |
_a634.92 _bF33 |
||
| 110 | _aFAO | ||
| 245 | 0 | _aLand tenure systens and forest policy | |
| 260 |
_aRome : _bFAO, _c1987 |
||
| 300 | _a76 p. | ||
| 410 | _aFAO | ||
| 490 | 0 | _aEstudios legislativos | |
| 590 |
_aBATCH-UPD _b10 _c20130110 _lUCH01 _h0159 |
||
| 590 |
_aBATCH-UPD _b10 _c20130110 _lUCH01 _h1552 |
||
| 590 |
_aBATCH-UPD _b10 _c20130410 _lUCH01 _h0950 |
||
| 590 |
_aBATCH-UPD _b10 _c20130914 _lUCH01 _h0718 |
||
| 590 |
_aCONVERSION _b10 _c20130109 _lUCH01 _h1337 |
||
| 650 | 1 | 4 |
_aBosques _xLeyes. _914322 |
| 650 | 1 | 4 |
_aPolĂtica forestal. _990563 |
| 650 | 1 | 4 |
_aTierras _xTenencia. _9113130 |
| 700 | 0 |
_aSaussay, Christian de. _9102764 |
|
| 810 | 0 | _aFAO | |
| 830 | 0 | 0 |
_aEstudios legislativos _938550 |
| 901 | _aBK | ||
| 942 | _cLIBRO | ||
| 949 |
_a634.92 F33 _bBC _cFAO _d-29989 _eFAO1 _h72546 _i77126 _si |
||
| 999 |
_c66683 _d66683 |
||